Państwa członkowskie UEFA - Statystyki

Ogólne statystyki
  • Ten quiz został rozwiązany 367 razy
  • Średni wynik to 50 z 56
Statystyki odpowiedzi
Rok dołączenia Nazwa % Poprawnych
1955 Polska
98%
1992 Rosja
98%
1958 Irlandia
97%
1954 Niemcy
97%
1954 SZwecja
97%
1992 Ukraina
97%
1954 Anglia
96%
1954 Finlandia
96%
1954 Hiszpania
96%
1954 Norwegia
96%
1954 Portugalia
96%
1993 Czechy
95%
1992 Estonia
95%
1954 Francja
95%
1992 Litwa
95%
1993 Słowacja
95%
2016 Kosowo
94%
1992 Łotwa
94%
1954 Austria
93%
1992 Chorwacja
93%
1954 Grecja
93%
1954 Holandia
93%
1954 Szwajcaria
93%
1954 Belgia
92%
1993 Białoruś
92%
1954 Dania
92%
1962 Turcja
92%
1994 Andora
91%
1954 Rumunia
91%
2007 Serbia
91%
1994 Słowenia
91%
1955 Włochy
91%
1954 Islandia
90%
1954 Luksemburg
90%
1954 Szkocja
90%
1974 Liechtenstein
89%
1954 Albania
88%
2007 Czarnogóra
88%
1954 Irlandia Północna
88%
1954 Walia
88%
1994 Macedonia Północna
87%
1957 Węgry
87%
1960 Malta
86%
1993 Mołdawia
85%
1998 Bośnia i Hercegowina
84%
1992 Armenia
82%
1962 Cypr
81%
2002 Kazachstan
81%
1988 San Marino
81%
1994 Azerbejdżan
80%
1992 Gruzja
80%
1954 Bułgaria
78%
1994 Izrael
76%
2007 Gibraltar
71%
2013 Gibraltar
71%
1990 Wyspy Owcze
59%
Nie znaleziono quizów pasujących do podanych kryteriów
Rozkład punktacji
Procent ludzi z każdym wynikiem
Percentyl według liczby udzielonych odpowiedzi
Twoja historia wyników
Nie rozwiązałeś tego quizu